1720 1686 1095 1175 1390 1070 1095 1878 1665 1904 1306 1836 1353 1023 1951 1531 1471 1893 1333 1937 1187 1038 1723 1692 1204 1073 1826 1462 1855 1241 1732 1476 1990 1769 1437 1045 1714 1908 1999 1825 1194 1715 1807 1199 1663 1467 1212 1597 1311 1525 1072 1373 1653 1222 1880 1855 1945 1094 1746 1413 1734 1804 1823 1149 1768 1884 1243 1625 1537 1547 1895 1491 1972 1591 1881 1126 1885 1561 1331 1843 1384 1938 1983 1523 1411 1937 1472 1144 1014 1162 1740 1509 1219 1332 1781 1648 1901 1792 1149 BCNSPRNW ULIB Ver.6.0+V

เปลี่ยนเป็นภาษาไทย

Change to English
 แสดงรายละเอียดบรรณานุกรม
  กลับหน้าหลัก

Brief Record : Get Marc (ISO 2709) : E-mail record : QR code < ปิดหน้าต่าง
LEADER : 00000nam 2200000uu 4500
001    13399111853
003     ULIB
008    110627s2552||||th 000 0 tha d
020    978611500005
090    นว.^bณ429ร 2552
100 0  ณารา
245 00 รอยรักหักเหลี่ยมตะวัน/^cณารา
250    พิมพ์ครั้งที่ 4
260    กรุงเทพฯ :^bพิมพ์คำ,^c2552
300    550 หน้า
945    ^p340^l0^i026734
995    ทศพร
999 ^a ใช้งานได้ทุกระบบ
รายการนี้ยังไม่มีแท็ก
คุณยังไม่ได้ล็อกอิน คุณสามารถมีกิจกรรมร่วมกับเว็บไซต์ได้ แต่ต้องล็อกอินก่อน ::
  ล็อกอิน

รายการสื่อสารสนเทศ

ลำดับที่ ประเภท เลขเรียก/บาร์โค้ด สถานที่ สถานะ
- ไม่พบข้อมูล -

รายการใกล้เคียง
    ผู้แต่ง [ณารา]

BibComment


ยังไม่เคยถูกคอมเมนท์

คอมเมนท์ทรัพยากรรายการนี้
  คอมเมนท์: รอยรักหักเหลี่ยมต..


 Copyright 2026. Bcnsprnw @Library